| 000 | 00818nam a2200229 a 4500 | ||
|---|---|---|---|
| 001 | 77605 | ||
| 003 | BD-RjUL | ||
| 005 | 20211209083012.0 | ||
| 008 | 201208s2020 bg a|||| |||| 00| 0 eng d | ||
| 020 | _a9789849394242 | ||
| 035 | _a(BD-RjUL)77831 | ||
| 040 |
_aBD-RjUL _beng _cBD-RjUL |
||
| 041 | _aeng | ||
| 082 |
_223 _a610.95 _bSAR 2020 |
||
| 100 |
_aSarker, Profulla C. _9242378 |
||
| 245 | 1 | 0 |
_aRevitalization of Traditional Medicine in Holistic Healing System : _bA Cross Cultural Study / _cProfulla C. Sarker. |
| 260 |
_aDhaka : _bCenter for research and knowledge management & human resource development, Royal University of Dhaka, _c2020 |
||
| 300 |
_a229 p.: _bill.; _c23 cm. |
||
| 504 | _aIncludes bibliographical reference and index. | ||
| 650 |
_aTraditional medicine _zAsia. _9242379 |
||
| 942 |
_2ddc _cBK |
||
| 999 |
_c77605 _d77605 |
||